[Event "TUR-chT 2nd League"]
[Site "Konya"]
[Date "2018.07.21"]
[Round "8.15"]
[White "Gurbuz, Talha Zubeyir"]
[Black "Cakmak, Sarven"]
[Result "0-1"]
[WhiteElo "1332"]
[BlackElo "1814"]
[PlyCount "132"]
[EventDate "2018.07.16"]
[EventType "team-swiss"]
[EventRounds "9"]
[EventCountry "TUR"]
[SourceTitle "EXT 2019"]
[Source "ChessBase"]
[SourceDate "2018.10.10"]
[SourceVersion "1"]
[SourceVersionDate "2018.10.10"]
[SourceQuality "1"]
[WhiteTeam "Adamlari Amator"]
[BlackTeam "Istanbul Sisli"]
[WhiteTeamCountry "TUR"]
[BlackTeamCountry "TUR"]

1. d4 d5 2. Nf3 Nf6 3. e3 c6 4. Bd3 Bg4 5. Nbd2 Nbd7 6. b3 e5 7. dxe5 Nxe5 8. Be2 Nxf3+ 9. Bxf3 Bxf3 10. Qxf3 Bb4 11. 0-0 0-0 12. Rd1 Qa5 13. a4 Rfe8 14. Nf1 Ne4 15. Bb2 Bc3 16. Bxc3 Qxc3 17. Qe2 Re6 18. Qd3 Qf6 19. f3 Nd6 20. Ng3 Rae8 21. Qd4 Qg6 22. Rac1 a6 23. Re1 Qh6 24. Kf2 Qxh2 25. Rh1 Qxg3+ 26. Kxg3 Nf5+ 27. Kf4 Nxd4 28. exd4 Rf6+ 29. Kg3 Re2 30. Rhg1 Kf8 31. Rh1 Rg6+ 32. Kf4 h6 33. g4 Ke7 34. Rhe1 Rf6+ 35. Kg3 Rfe6 36. Rxe2 Rxe2 37. f4 Kd6 38. Kf3 Rh2 39. a5 Rd2 40. Ke3 Rg2 41. Kf3 Rh2 42. f5 c5 43. dxc5+ Kxc5 44. Kf4 Re2 45. c3 Rb2 46. b4+ Kd6 47. Kf3 Rd2 48. Ke3 Rh2 49. Kf4 Re2 50. Kf3 Re4 51. Rd1 Ke5 52. Rd3 h5 53. gxh5 Rf4+ 54. Kg3 Rxf5 55. Re3+ Kd6 56. Kg4 Re5 57. Rf3 Ke6 58. Rd3 Re4+ 59. Kg3 f5 60. Kh3 f4 61. Kg4 Ke5 62. Rf3 Re1 63. Rd3 Rg1+ 64. Kh4 Rg2 65. Kh3 Rg3+ 66. Rxg3 fxg3 0-1